000 00603nam a22002057a 4500
005 20250902092752.0
008 250902b |||||||| |||| 00| 0 eng d
020 _a9789392339000
040 _aIN-DiNC
_cIN-DiNC
041 _deng
082 _a301
_bSLA
100 _aSlariya, Mohinder
_eauthor
245 _aIntroduction to sociology-I (Major1)/
_cby Mohinder Slariya and Abhishiant Slariya
250 _a1st ed.
260 _aDibrugarh:
_bMahaveer publications,
_c2023.
300 _a230p.
650 _aNature and scope of sociology
700 _aSlariya, Abhishiant
_eauthor
942 _2ddc
_cBK
999 _c12217
_d12217